00631nam a2200205 a 450000100060000000300080000600500170001400800410003103500190007203500180009104000430010904100080015208200220016010000220018224500640020426000360026830000340030465100380033865100490037642238BD-RjUL20211209053518.0160611s1953 nyua 000 0 eng  a(BD-RjUL)42356 a(OCoLC)422432 aDLCcODaWUdOCoLCdDLCd(BD-RjUL)beng aeng a327.73bBAF 1953 1 aBarber, Hollis W.10aForeign policies of the United States / cHollis W. Barber  aNew York :bDryden Press,c1953 avii, 614 p. :billus.c24 cm. 0aUnited StatesxForeign relations. 0aUnited StatesxForeign relationsy1945-1953.